| 000 | 00565nam a2200169Ia 4500 | ||
|---|---|---|---|
| 003 | PILC | ||
| 005 | 20160218151650.0 | ||
| 008 | 140609s9999 xx 000 0 und d | ||
| 020 | _a9781412813396 | ||
| 050 |
_aBJ 1114 _b.M6613 2010 |
||
| 245 |
_aMoral judgments and social education / _cGeorge Lind, Hans A. Hartmann, Ronald Wakenhut, editors. |
||
| 260 |
_aNew Jersey : _bTransaction Publishers, _c2010. |
||
| 300 |
_a327 pages : _c23 cm. _billustrations ; |
||
| 500 | _aIncludes bibliographical references and index. | ||
| 942 |
_kFOR _cBK _2lcc |
||
| 999 |
_c118219 _d118219 |
||